000 00437nam a22001697a 4500
020 _a9788179171318
082 _aH803
_bEMS/E
100 _aE M S Namdoothirippad
245 _aEk Bharatiy Communist ka Smruthiyam/
_cby E M S Namdoothirippad
260 _aDelhi :
_bGrant Silpi,
_c2013.
300 _a240p.
650 _aMemoirs Hindi
650 _aMemoirs E M S
650 _aLiterature Hindi
650 _aLiterature
942 _cBK
999 _c58623
_d58623